[Event "11th HIT Open A"]
[Site "Nova Gorica SLO"]
[Date "2006.01.27"]
[Round "1"]
[White "Martinovic,Sa"]
[Black "Drazic,S"]
[Result "0-1"]
[WhiteElo "2260"]
[BlackElo "2488"]

1.d4 g6 2.e4 Bg7 3.Nc3 a6 4.g3 b5 5.Bg2 Bb7 6.a3 d6 7.Nge2 Nd7 8.O-O e6 9.Be3 Ne7
10.Qd2 h6 11.f4 Nb6 12.b3 d5 13.f5 exf5 14.exf5 Nxf5 15.Rxf5 gxf5 16.Nf4 O-O
17.Nh5 Qd6 18.Rf1 Rae8 19.Rf4 Re6 20.Bh3 Rfe8 21.Nd1 Qe7 22.Bxf5 Rxe3 23.Nxe3 Bxd4
24.Qxd4 Qxe3+ 25.Qxe3 Rxe3 26.Kf2 Re5 27.Nf6+ Kg7 28.Nh5+ Kf8 29.Nf6 Kg7
30.Nh5+ Kh8 31.Nf6 c5 32.Ng4 Re7 33.Nxh6 Kg7 34.Rh4 Re5 35.Bd3 Bc8 36.Ng4 Rg5
37.Rh7+ Kf8 38.Nh6 Be6 39.h4 Re5 40.Rh8+ Ke7 41.Rb8 Nd7 42.Ng8+ Kd6 43.Ra8 c4
44.Rxa6+ Kc5 45.bxc4 bxc4 46.Be2 Kd4 47.Ne7 Kc3 48.Nc6 Rf5+ 49.Kg2 d4 50.Nb4 Nc5
51.Rd6 Ne4 52.Na2+ Kxc2 53.Bd1+ Kxd1 54.Rxd4+ Kc2 55.Nb4+ Kb3 56.Rxe4 Kxa3
57.Nc2+ Kb2 58.Re2 Kc3 59.Ne3 Rf6 60.Nd1+ Kd3 61.Ra2 Bd5+ 62.Kh3 Be6+ 63.Kg2 Bd5+
64.Kh3 Rf1 65.Nf2+ Kd4 66.g4 c3 67.Re2 Bc4 68.Rc2 Bb3 69.Re2 c2 70.Rd2+ Ke3  0-1

[Event "Gibtelecom Masters"]
[Site "Gibraltar ENG"]
[Date "2006.01.28"]
[Round "5"]
[White "Nimmy,A"]
[Black "Welling,G"]
[Result "0-1"]
[WhiteElo "2123"]
[BlackElo "2405"]

1.e4 g6 2.d4 Bg7 3.Nc3 c5 4.Nf3 Qa5 5.Be2 Nc6 6.Be3 Nf6 7.Nd2 Nxd4 8.Nc4 Qd8
9.Bxd4 cxd4 10.Qxd4 d6 11.O-O O-O 12.Rad1 Be6 13.Qe3 Nd7 14.Nd5 b5 15.Na3 a6
16.c3 Nc5 17.Nc2 Na4 18.Rb1 Rc8 19.Nd4 Bd7 20.Rfd1 Rb8 21.Nb4 Rb6 22.Nb3 Re8
23.Nd5 Rb7 24.Bf3 Nb6 25.Nxb6 Qxb6 26.Nd4 Rbb8 27.Be2 Rec8 28.Nc2 a5 29.Qxb6 Rxb6
30.Ne3 Kf8 31.f4 Be6 32.Nd5 Rbb8 33.Kf2 f5 34.Bd3 fxe4 35.Bxe4 Rc4 36.Kf3 b4
37.cxb4 axb4 38.b3 Rc5 39.Rbc1 Rbc8 40.Rxc5 dxc5 41.Nb6 Rc7 42.g4 Bd4 43.Nd5 Rd7
44.Nb6 Ra7 45.Rd2 Ra6 46.Nc4 Ke8 47.Bb7 Bxc4 48.bxc4 Ra3+ 49.Ke4 e6 50.Re2 Kd7
51.f5 Rh3 52.fxe6+ Kxe6 53.Bd5+ Kf6 54.Bg8 Kg5 55.Be6 Kh4 56.g5 Ra3 57.Kf4 Ra8
58.Rg2 Re8 59.Bd7 Re7 60.Ba4 Be3+ 61.Kf3 Bxg5 62.Rg4+ Kh5 63.Bd1 Re1 64.Be2 Rxe2  0-1

[Event "Gibtelecom Masters"]
[Site "Gibraltar ENG"]
[Date "2006.01.29"]
[Round "6"]
[White "Vinas Guerrero,C"]
[Black "Bellon Lopez,JuM"]
[Result "0-1"]
[WhiteElo "2160"]
[BlackElo "2415"]

1.e4 g6 2.d4 Bg7 3.Nc3 c5 4.Be3 Qa5 5.Nf3 Nf6 6.Qd2 cxd4 7.Nxd4 Nc6 8.Nb3 Qc7
9.O-O-O d6 10.Bh6 Bxh6 11.Qxh6 Be6 12.Be2 a6 13.Kb1 Rc8 14.f4 Na5 15.Rd4 b5
16.Rc1 Qb6 17.Rdd1 Nc4 18.Bxc4 bxc4 19.Nd4 Rb8 20.b3 Qa5 21.Kb2 Bd7 22.Qg5 Qxc3+
23.Kxc3 Nxe4+ 24.Kxc4 Nxg5 25.fxg5 e5 26.Nf3 Ke7 27.Kd3 h6 28.h4 hxg5 29.hxg5 Bc6
30.Ke3 Rh5 31.Rd2 Bxf3 32.gxf3 Rxg5 33.Rcd1 Rb6 34.c4 Rc6 35.Rh1 a5 36.Rh8 a4
37.Rb8 axb3 38.axb3 Rg1 39.Ra2 f5 40.Raa8 Rb1 41.Ke2 Kf6 42.Rb5 Kg5 43.Rg8 Ra6
44.Rd8 Kf4 45.Rg8 g5 46.Rb7 Ra2+ 47.Kd3 Rc1 48.Rf7 Rf1  0-1

[Event "Festival de Meurthe-et-Moselle B"]
[Site "Nancy FRA"]
[Date "2006.02.21"]
[Round "3"]
[White "Henris,L"]
[Black "Koch,HJ"]
[Result "1-0"]
[WhiteElo "2283"]
[BlackElo "2235"]

1.e4 g6 2.d4 Bg7 3.Nc3 c5 4.dxc5 Qa5 5.Nf3 Bxc3+ 6.bxc3 Qxc3+ 7.Bd2 Qxc5
8.Rb1 d6 9.Bd3 Nf6 10.O-O h6 11.Re1 Nbd7 12.Rb5 Qc7 13.e5 dxe5 14.Nxe5 a6
15.Nxd7 Bxd7 16.Rbe5 e6 17.Qf3 Ng8 18.Bb4 Rh7 19.Bxg6 Rg7 20.Rxe6+ Kd8 21.Bxf7 Rxf7
22.Qxf7 Bxe6 23.Qxe6  1-0

[Event "Festival de Meurthe-et-Moselle A"]
[Site "Nancy FRA"]
[Date "2006.02.25"]
[Round "8"]
[White "Sikula,V"]
[Black "Govciyan,P"]
[Result "1-0"]
[WhiteElo "2490"]
[BlackElo "2368"]

1.e4 g6 2.d4 Bg7 3.Nc3 d5 4.exd5 Nf6 5.Bc4 Nbd7 6.Nf3 Nb6 7.Bb3 a5 8.a4 Nbxd5
9.Nxd5 Nxd5 10.O-O O-O 11.Bg5 Be6 12.Re1 c6 13.c3 Re8 14.Ne5 Qb6 15.Nc4 Qc7
16.Bh4 Rad8 17.Bg3 Qc8 18.Nxa5 c5 19.dxc5 Qa8 20.Nc4 Nxc3 21.Qc1 Nd5 22.Nb6 Nxb6
23.Bxe6 Nd5 24.Bxd5 Rxd5 25.Qc2 Qa5 26.Qb3 Rxc5 27.Qxb7 Rc2 28.b4 Qa8 29.Qxa8 Rxa8
30.Rab1 Rxa4 31.b5 Ra7 32.Rec1 Rxc1+ 33.Rxc1 Bd4 34.Kf1 e5 35.Bh4 Kg7 36.Rb1 Rb7
37.f3 f5 38.Bf2 Bxf2 39.Kxf2 Kf6 40.Ke3 Ke6 41.b6 Kd5 42.Rb5+ Kc4 43.Rxe5 Rxb6
44.h4 Rb2 45.g3 Rb7 46.Kf4 Kd4 47.h5 Rb3 48.Re7 gxh5 49.Rf7 Kd3 50.Re7 Kd4
51.Rd7+ Kc5 52.Rd1 h6 53.Rd8 h4 54.gxh4 Rb4+ 55.Kxf5 Rxh4 56.f4 Rh1 57.Kg6 Rf1
58.f5 Rg1+ 59.Kxh6 Rh1+ 60.Kg6 Rg1+ 61.Kf7 Kc6 62.f6 Rf1 63.Kg7 Rg1+ 64.Kf8 Kc7
65.Rd2  1-0

[Event "2nd Bundesliga Mitte 2005-6"]
[Site "Austria AUT"]
[Date "2006.03.05"]
[Round "9"]
[White "Zechner,G"]
[Black "Tkaczuk,R"]
[Result "1/2-1/2"]
[WhiteElo "2261"]
[BlackElo "2277"]

1.e4 g6 2.d4 Bg7 3.Nc3 c5 4.Nf3 cxd4 5.Nxd4 Nc6 6.Be3 Nf6 7.Bc4 O-O 8.O-O Nxe4
9.Nxe4 d5 10.Nxc6 bxc6 11.Bd3 dxe4 12.Bxe4 Qc7 13.c3 f5 14.Bf3 e5 15.Qa4 e4
16.Bd1 f4 17.Bb3+ Kh8 18.Bc5 Rf5 19.Bd4 Bb7 20.Bc2 Bxd4 21.Qxd4+ Re5 22.Rad1  1/2-1/2

[Event "2nd Bundesliga West 2005-6"]
[Site "Austria AUT"]
[Date "2006.03.19"]
[Round "11"]
[White "Gross,Dav GER"]
[Black "Webersberger,J"]
[Result "1-0"]
[WhiteElo "2467"]
[BlackElo "2258"]

1.e4 g6 2.d4 Bg7 3.Nc3 a6 4.f4 d6 5.Nf3 b5 6.Bd3 Nd7 7.e5 e6 8.Ne4 Nb6 9.Qe2 Ne7
10.Bd2 Bb7 11.O-O-O Qd7 12.Kb1 O-O-O 13.g4 Kb8 14.Rhf1 Ned5 15.Ng3 Rhe8 16.Ng5 h6
17.Nf3 Qc6 18.h4 Nc4 19.h5 Nxd2+ 20.Nxd2 gxh5 21.Nxh5 Bh8 22.c3 Qb6 23.Ne4 c5
24.dxc5 dxc5 25.Qf2 c4 26.Qxb6 Nxb6 27.Bc2 Nd5 28.Rde1 Rg8 29.Rg1 Bc6 30.Kc1 Kc7
31.Nef6 Bxf6 32.Nxf6 Rg7 33.Nxd5+ Bxd5 34.Re3 Rdg8 35.Bd1 Rg6 36.Rh3 f6 37.exf6 Rxf6
38.g5 hxg5 39.fxg5 Rf2 40.Bc2 Rg2 41.Rxg2 Bxg2 42.Rh7+ Kd6 43.g6 Ke5 44.Rf7 Bh3
45.g7 Bf5 46.Kd2 Kf4 47.Ke2 Kg5 48.Bxf5 exf5 49.Ra7 Kg4 50.Kf2 Kf4 51.Re7 Kg5
52.Ra7 Kf4 53.Rb7 Ke4 54.Rd7 Kf4 55.Re7 Kg5 56.Ra7 Kf4 57.Rd7 Ke4 58.Kg3 Ke3
59.Re7+ Kd2 60.Kf4 Kc2 61.Re2+ Kb1 62.Rg2 Kxa2 63.Kxf5 a5 64.b4+ Kb3 65.bxa5 Kxc3
66.Kf6 b4 67.Kf7 Ra8 68.g8=Q Rxg8 69.Rxg8 b3 70.a6 b2 71.Rg1 Kc2 72.a7 b1=Q
73.Rxb1 Kxb1 74.a8=Q c3 75.Qb8+ Kc1 76.Qf4+  1-0

[Event "ch-ARG s/f"]
[Site "Buenos Aires ARG"]
[Date "2006.03.25"]
[Round "5"]
[White "Rojo Lynch,E"]
[Black "Nogues,A"]
[Result "0-1"]
[WhiteElo "1934"]
[BlackElo "2221"]

1.e4 Nc6 2.Nc3 g6 3.d4 Bg7 4.Be3 d6 5.f3 e5 6.Nge2 Nf6 7.Qd2 d5 8.exd5 Nxd5
9.Bh6 Qh4+ 10.g3 Bxh6 11.gxh4 Bxd2+ 12.Kxd2 Be6 13.Nb5 a6 14.Na3 exd4 15.Rd1 O-O-O
16.Kc1 Ne3 17.Rd2 Kb8 18.Nf4 Rhe8 19.Nxe6 Rxe6 20.Nc4 Nxc4 21.Bxc4 Rf6 22.Rf1 b5
23.Be2 Rf4 24.a4 Rd5 25.axb5 axb5 26.c3 Rc5 27.Rc2 Rxh4  0-1

[Event "7th ch-Euro"]
[Site "Kusadasi TUR"]
[Date "2006.04.15"]
[Round "11"]
[White "Atakisi,U"]
[Black "Aleskerov,F"]
[Result "1-0"]
[WhiteElo "2441"]
[BlackElo "2309"]

1.e4 g6 2.d4 Bg7 3.Nc3 d5 4.exd5 Nf6 5.Bc4 Nbd7 6.Qf3 O-O 7.h3 Nb6 8.Bb3 Bd7
9.Bf4 e6 10.dxe6 Bc6 11.exf7+ Kh8 12.Qe2 Qxd4 13.Be3 Qb4 14.Nf3 Nfd5 15.O-O Rxf7
16.Bxb6 Nf4 17.Qc4 Qxb6 18.Qxf7 Rf8 19.Qe7 Bxf3 20.gxf3 g5 21.Ne2 Nxh3+ 22.Kg2 g4
23.fxg4 Nxf2 24.Qe6 Qc5 25.Nf4 Bd4 26.Rxf2 Bxf2 27.Rh1  1-0

[Event "XIII TCh-RUS 1st League"]
[Site "Sochi RUS"]
[Date "2006.04.21"]
[Round "2"]
[White "Yudin,S"]
[Black "Chernyshov,K"]
[Result "0-1"]
[WhiteElo "2442"]
[BlackElo "2544"]

1.e4 g6 2.d4 Bg7 3.Nc3 a6 4.g3 b5 5.Bg2 Bb7 6.Nge2 d6 7.O-O Nd7 8.a4 b4 9.Nd5 a5
10.c3 c6 11.Ne3 Ngf6 12.cxb4 axb4 13.b3 O-O 14.Bb2 Qb8 15.Qd2 Rc8 16.f4 e6
17.g4 c5 18.d5 exd5 19.exd5 Re8 20.Ng3 Rxe3 21.Qxe3 Nxg4 22.Qd2 Bxb2 23.Qxb2 Ne3
24.Rfe1 Nxd5 25.Bxd5 Bxd5 26.Rad1 Bc6 27.Ne4 Bxe4 28.Rxe4 Qb6 29.a5 Qxa5
30.Re7 Qd8 31.Qe2 Nf6 32.Re1 Nd5 33.Rb7 Qh4 34.Rf1 Nxf4 35.Qf3 Qg5+ 36.Kh1 Ra2
37.Qe4 Rxh2+  0-1

[Event "XIII TCh-RUS 1st League"]
[Site "Sochi RUS"]
[Date "2006.04.22"]
[Round "3"]
[White "Nevostrujev,V"]
[Black "Chernyshov,K"]
[Result "1/2-1/2"]
[WhiteElo "2471"]
[BlackElo "2544"]

1.e4 g6 2.d4 Bg7 3.Nc3 a6 4.f4 b5 5.Nf3 Bb7 6.Bd3 d6 7.O-O Nd7 8.e5 e6 9.Ne4 Bxe4
10.Bxe4 d5 11.Bd3 Ne7 12.b4 Nb6 13.Nd2 Nf5 14.Nb3 Nc4 15.Qe1 h5 16.a4 Bf8
17.c3 Be7 18.g3 O-O 19.Ra2 Kg7 20.a5 Rh8 21.Raf2 Qd7 22.Qe2 Rag8 23.Na1 Kf8
24.Nc2 Rh7 25.Qf3 Rgh8 26.Kg2 Qc6 27.Rg1 Ke8 28.Kf1 Kd7 29.Qe2 Kc8 30.Ne1 Kb8
31.Nf3 Qd7 32.Ke1 Bd8 33.Kd1 Ne7 34.Kc2 Nc6 35.Kb1 Be7 36.Qe1 Ka7 37.h3 Qd8
38.Ng5 Bxg5 39.fxg5 Qe8 40.Rgf1 Nd8 41.h4 Nc6 42.Rf6 Ne7 43.R1f3 Nf5 44.Qf2 Rg8
45.Rf4 Rgh8 46.Qf3 Qd7 47.Ka2 Kb7 48.Qf2 Qe8 49.Rf3 Rg8 50.Qe2 Rgh8 51.Bf4 Ne7
52.Bc1 Nf5 53.Qe1 Ne7 54.Qf2 Nf5 55.Qf1 Ka7 56.Qe1 Ne7 57.Rf1 Ng8 58.R6f2 Ne7
59.Rf6 Ng8 60.R6f4 Ne7  1/2-1/2

[Event "Master Open"]
[Site "Cutro ITA"]
[Date "2006.04.24"]
[Round "2"]
[White "Wohl,A"]
[Black "Blasco,D"]
[Result "1-0"]
[WhiteElo "2432"]
[BlackElo "2008"]

1.e4 g6 2.d4 Bg7 3.Nc3 a6 4.Bg5 d6 5.Qd2 Nd7 6.f4 h6 7.Bh4 b5 8.Nf3 Bb7 9.Bd3 c5
10.dxc5 Nxc5 11.O-O Nf6 12.Rae1 O-O 13.a3 Qb6 14.Kh1 e6 15.f5 exf5 16.Bxf6 Bxf6
17.exf5 Nxd3 18.cxd3 g5 19.h4 Kg7 20.Ne4 Bxe4 21.Rxe4 d5 22.Rg4 h5 23.Rxg5+ Kh7
24.Rxh5+ Kg8 25.Qh6 Rfe8 26.Rg5+ Bxg5 27.Qxb6 Be3 28.Qc7 Kg7 29.Qg3+ Kf6
30.Qd6+ Kg7 31.f6+ Kh6 32.Ne5 Rf8 33.Ng4+  1-0

[Event "RC SPORT Open"]
[Site "Usti nad Orlici CZE"]
[Date "2006.04.29"]
[Round "1"]
[White "Papacek,M"]
[Black "Ganaus,H"]
[Result "0-1"]
[WhiteElo "1964"]
[BlackElo "2309"]

1.e4 g6 2.d4 Bg7 3.Nc3 c5 4.Be3 Qa5 5.Nf3 Nf6 6.Qd2 cxd4 7.Bxd4 O-O 8.Be2 Nc6
9.Rd1 Nxd4 10.Nxd4 d6 11.f3 Bd7 12.O-O Qb6 13.Kh1 Rac8 14.f4 Qxb2 15.Rf3 Rxc3
16.Qxc3 Qxc3 17.Rxc3 Nxe4 18.Rf3 Bg4 19.Rff1 Bxd4 20.Rxd4 Bxe2 21.Re1 Nc3
22.Rb4 Ba6 23.Rxe7  0-1

[Event "RC SPORT Open"]
[Site "Usti nad Orlici CZE"]
[Date "2006.05.03"]
[Round "6"]
[White "Folk,P"]
[Black "Karlik,V"]
[Result "1/2-1/2"]
[WhiteElo "2260"]
[BlackElo "2293"]

1.e4 g6 2.d4 Bg7 3.Nc3 c5 4.Nf3 cxd4 5.Nxd4 Nc6 6.Be3 Nf6 7.Bc4 O-O 8.Bb3 a5
9.O-O d6 10.h3 a4 11.Nxa4 Nxe4 12.Nb5 Ra6 13.Qe2 Nf6 14.Rfd1 Bd7 15.c4 b6
16.Nac3 Ra8 17.Rac1 Be6 18.Nd5  1/2-1/2

[Event "President's Cup"]
[Site "Baku AZE"]
[Date "2006.05.11"]
[Round "8"]
[White "Belov,Vl"]
[Black "Akhmedov,F"]
[Result "1/2-1/2"]
[WhiteElo "2599"]
[BlackElo "2211"]

1.e4 g6 2.d4 Bg7 3.Nc3 c5 4.dxc5 Bxc3+ 5.bxc3 Qa5 6.Qd4 Nf6 7.Qb4 Qc7 8.Nf3 Nc6
9.Qc4 b6 10.cxb6 axb6 11.Bd3 Ba6 12.Qb3 Ne5 13.Nxe5 Qxe5 14.f3 Qc5 15.Qb4 O-O
16.Qxc5 bxc5 17.Bg5 d6 18.Bxf6 exf6 19.Kd2 c4 20.Be2 d5 21.exd5 Rfd8 22.Rhd1 Rxd5+
23.Ke1 Re5 24.a4 Kg7 25.Kf2 Ra5 26.Rd4 Rc8 27.Ke3 g5 28.Kd2 f5 29.f4 h6 30.g3 Rc7
31.h4 g4 32.Bf1 h5 33.Rd6 Bc8 34.Bg2 Be6 35.Bc6 Ra6 36.Rxe6 fxe6 37.Bb5 Rd6+
38.Ke3 Rc5 39.Rb1 e5 40.Be8 Re6 41.Rb7+ Kh6 42.Bf7 exf4+ 43.Kd4 Rec6 44.gxf4 Rc7
45.Be6 Rxb7 46.Kxc5 Ra7 47.Kb5 g3 48.Bd5 Rd7 49.Bc6 Rd6 50.Ba8 Rd2 51.a5 Rxc2
52.Kxc4 Rf2 53.a6 Rxf4+ 54.Kb5 Rf2 55.a7 Ra2 56.Kb6 Rb2+ 57.Kc5 Rb3 58.Bd5 Rxc3+
59.Kd6 Ra3 60.a8=Q Rxa8 61.Bxa8  1/2-1/2

[Event "ch-UKR sf"]
[Site "Alushta UKR"]
[Date "2006.05.13"]
[Round "1"]
[White "Shalimov,V UKR"]
[Black "Varchenko,G"]
[Result "1-0"]
[WhiteElo "2430"]
[BlackElo "2183"]

1.d4 g6 2.e4 Bg7 3.Nc3 Nc6 4.d5 Nb8 5.Be3 d6 6.Qd2 c5 7.Bb5+ Nd7 8.a4 a6
9.Be2 h5 10.Nf3 Qa5 11.O-O Bxc3 12.bxc3 Ngf6 13.Ng5 Ng4 14.f4 O-O 15.Bxg4 hxg4
16.f5 Nf6 17.Qe1 Kg7 18.Bd2 c4 19.Be3 gxf5 20.Bd4 Rh8 21.exf5 Qc7 22.Qg3 Kf8
23.Rae1 Rh5 24.Bxf6 exf6 25.Ne4 Rxf5 26.Qh4 Rxf1+ 27.Rxf1 f5 28.Qh8+ Ke7
29.Qf6+ Ke8 30.Nxd6+ Kd7 31.Nxf7 Qc5+ 32.Kh1 Kc7 33.d6+ Kb8 34.Ne5 Qd5 35.Rb1 Qe6
36.Nc6+  1-0

[Event "ch-UKR sf"]
[Site "Alushta UKR"]
[Date "2006.05.20"]
[Round "8"]
[White "Danilenko,D"]
[Black "Kruglyakov,P"]
[Result "0-1"]
[WhiteElo "1917"]
[BlackElo "2300"]

1.e4 g6 2.d4 Bg7 3.Nc3 c5 4.dxc5 Qa5 5.Nf3 Qxc5 6.Bd3 d6 7.O-O Nf6 8.Be3 Qa5
9.h3 O-O 10.Qd2 Nc6 11.Ne2 Qxd2 12.Bxd2 d5 13.exd5 Nxd5 14.Be4 Nf6 15.Bxc6 bxc6
16.Bc3 c5 17.Rfe1 Bb7 18.Ng3 e6 19.Rad1 Rfd8 20.Nf1 Nd5 21.Bxg7 Kxg7 22.Ne3 Nxe3
23.fxe3 f6 24.Kf2 Kf7 25.Nd2 Ke7 26.Nb3 Rxd1 27.Rxd1 Rc8 28.g3 Be4 29.Rc1 h5
30.Nd2 Bb7 31.c4 a5 32.Rc3 a4 33.Ke2 Rh8 34.Kf2 g5 35.Ra3 Rd8 36.Ke2 Bg2
37.Rxa4 Bxh3 38.Ra7+ Kd6 39.Nb3 Bg4+ 40.Kf2 h4 41.gxh4 gxh4 42.Ra6+ Ke5 43.Ra5 h3
44.Kg3 Rd1 45.Kh2 Re1 46.Kg3 Rg1+ 47.Kh2 Rg2+ 48.Kh1 Rxb2 49.Nd4 Ke4 50.Rxc5 Kxe3
51.Rb5 Rxa2  0-1

[Event "37th Olympiad w"]
[Site "Turin ITA"]
[Date "2006.05.28"]
[Round "7"]
[White "Seps,M"]
[Black "Guerrero Rodriguez,Alej"]
[Result "1-0"]
[WhiteElo "2247"]
[BlackElo "2157"]

1.e4 g6 2.d4 Bg7 3.Nc3 c5 4.dxc5 Bxc3+ 5.bxc3 Qa5 6.Bd3 Qxc5 7.Ne2 Nf6 8.O-O d6
9.Be3 Qc7 10.h3 h5 11.Rb1 Nc6 12.f4 Bd7 13.Nd4 h4 14.Qe1 d5 15.e5 Ne4 16.Nb5 Qc8
17.c4 Ng3 18.cxd5 Nxf1 19.Qxf1 Nd8 20.Nxa7 Qb8 21.Qf2 g5 22.fxg5 Rg8 23.Nb5 Ra4
24.Bf4 f6 25.Qxh4 fxg5 26.Qh5+ Nf7 27.Bh2 Rh4 28.Qxf7+ Kxf7 29.e6+ Bxe6 30.Bxb8 Bxd5
31.Bg3 Rh6 32.Nc3 Bc6 33.Bc4+ e6 34.Re1 Rd8 35.Ne4 Rg6 36.Bd3 Rgg8 37.Bf2 Bd5
38.a4 Ra8 39.Bb5 g4 40.h4 Kg6 41.Nc3 Rgc8 42.Nxd5 exd5 43.Bd4 Kh5 44.Re5+ Kxh4
45.c3 Rd8 46.Rf5 Rf8 47.g3+ Kh3 48.Bf1+ Kxg3 49.Bf2+  1-0

[Event "37th Olympiad w"]
[Site "Turin ITA"]
[Date "2006.05.31"]
[Round "10"]
[White "Ortiz,Na"]
[Black "Radziewicz,I"]
[Result "0-1"]
[WhiteElo "2184"]
[BlackElo "2439"]

1.e4 g6 2.d4 Bg7 3.Nc3 c5 4.d5 d6 5.Bb5+ Nd7 6.f4 a6 7.Bxd7+ Bxd7 8.Nf3 b5
9.O-O b4 10.Ne2 Nf6 11.Ng3 Bg4 12.h3 Bxf3 13.Qxf3 O-O 14.Bd2 e6 15.c4 exd5
16.cxd5 Nd7 17.Rab1 a5 18.a3 Nb6 19.Rfc1 Qe7 20.Rc2 Bd4+ 21.Kh1 Rae8 22.Rf1 f5
23.exf5 gxf5 24.axb4 axb4 25.Qd3 Qf7 26.Bxb4 Re3 27.Qb5 cxb4  0-1

[Event "Lasker Mem A"]
[Site "Barlinek POL"]
[Date "2006.06.04"]
[Round "2"]
[White "Bronowicki,M"]
[Black "Szoen,D"]
[Result "1-0"]
[WhiteElo "2278"]
[BlackElo "2440"]

1.d4 g6 2.e4 Bg7 3.Nc3 a6 4.a4 d6 5.Nf3 Nd7 6.Be2 e6 7.Be3 b6 8.Qd2 Bb7 9.h3 Ngf6
10.e5 Ne4 11.Nxe4 Bxe4 12.Bh6 O-O 13.h4 f6 14.h5 Qe7 15.exf6 Nxf6 16.Bxg7 Kxg7
17.O-O-O gxh5 18.Ng5 Bg6 19.Bc4 d5 20.Bd3 Rae8 21.Rde1 Qd6 22.f3 c5 23.g4 cxd4
24.Bxg6 hxg6 25.gxh5 Nxh5 26.Qxd4+ e5 27.Qd3 e4 28.Nxe4 Qf4+ 29.Nd2 d4 30.Qxa6 Re3
31.Rd1 Ng3 32.Rh3 Rf7 33.Kb1 Nf5 34.Qc8 Nh4 35.Ne4 Rxf3 36.Rxf3 Nxf3 37.Rh1 Rf8
38.Qd7+ Rf7 39.Qc8 Nh4 40.Qd8 Qxe4 41.Rxh4 Qe1+ 42.Ka2 Qe6+ 43.b3 Rf8 44.Qxd4+ Rf6
45.Qd2 Rf5 46.Qd4+ Rf6 47.Qd2 Rf5 48.Qd8 Rf8 49.Qg5 Rf5 50.Qh6+ Kf6 51.Qh8+ Kg5
52.Qh6+ Kf6 53.Qh8+ Kg5 54.Rh2 Rf4 55.Rg2+ Rg4 56.Qd8+ Kf5 57.Rf2+ Ke5 58.Qc7+  1-0

[Event "28th Nezhmetdinov mem"]
[Site "Kazan RUS"]
[Date "2006.06.04"]
[Round "4"]
[White "Alavkin,A"]
[Black "Tseshkovsky,V"]
[Result "0-1"]
[WhiteElo "2485"]
[BlackElo "2572"]

1.e4 g6 2.d4 Bg7 3.Nc3 a6 4.Be3 d6 5.f4 b5 6.a3 Nd7 7.e5 Bb7 8.Nf3 Nb6 9.Bd3 e6
10.O-O Ne7 11.Qe2 Nbd5 12.Nxd5 Nxd5 13.Bd2 O-O 14.a4 Bc6 15.axb5 axb5 16.c3 Rxa1
17.Rxa1 Bh6 18.Be4 Qd7 19.g3 Rb8 20.h4 b4 21.c4 Ne7 22.Bxc6 Qxc6 23.Kh2 Bg7
24.b3 h5 25.Qd3 Nf5 26.Ra4 dxe5 27.fxe5 Bh6 28.d5 Qc5 29.Be1 exd5 30.cxd5 Ne3
31.d6 cxd6 32.exd6 Qc6 33.Qe2 Qxd6 34.Ra6 Qd5 35.Bd2 Re8 36.Kg1 Qxb3  0-1

[Event "28th Nezhmetdinov mem"]
[Site "Kazan RUS"]
[Date "2006.06.08"]
[Round "8"]
[White "Balashov,Y"]
[Black "Bezgodov,A"]
[Result "0-1"]
[WhiteElo "2462"]
[BlackElo "2554"]

1.d4 g6 2.e4 Bg7 3.Nc3 d5 4.exd5 Nf6 5.h4 Nxd5 6.h5 c5 7.Nxd5 Qxd5 8.dxc5 Qxd1+
9.Kxd1 gxh5 10.c3 Nc6 11.Be2 Bg4 12.f3 O-O-O+ 13.Ke1 Bf5 14.Rxh5 Bg6 15.Rh1 e5
16.Nh3 e4 17.Nf4 exf3 18.gxf3 Rhe8 19.Kf2 Bf8 20.b4 Bg7 21.Nxg6 hxg6 22.a3 Bxc3
23.Ra2 Ne5 24.Rh7 Bd4+ 25.Kf1 Rh8 26.Rxh8 Rxh8 27.Kg2 g5 28.Rc2 Rg8 29.Bd1 f5
30.Re2 Nd3 31.Bc2 Nxc1  0-1

[Event "TCh-NOR Open"]
[Site "Oslo NOR"]
[Date "2006.06.11"]
[Round "5"]
[White "Reppen,S"]
[Black "Christenson,F"]
[Result "0-1"]
[WhiteElo "2043"]
[BlackElo "2289"]

1.d4 g6 2.e4 Bg7 3.Nc3 c5 4.Nf3 Nc6 5.d5 Nd4 6.Bd3 d6 7.Nxd4 Bxd4 8.Bb5+ Bd7
9.Qe2 a6 10.Bxd7+ Qxd7 11.O-O b5 12.Be3 Bxc3 13.bxc3 Nf6 14.f3 O-O 15.c4 bxc4
16.Qxc4 Qb5 17.Qxb5 axb5 18.Rfb1 b4 19.Rb3 Ra4 20.c3 bxc3 21.Rxc3 Rb8 22.Bc1 Nd7
23.Kf1 f5 24.exf5 gxf5 25.Bg5 Kf7 26.Re3 Ne5 27.f4 Ng6 28.Rae1 Rb7 29.Rh3 Nxf4
30.Rxh7+ Kg6 31.Rhxe7 Rb2 32.Bxf4 Rxf4+ 33.Kg1 Rff2 34.R1e6+ Kg5 35.Rg7+ Kf4
36.Rxd6 Rfd2 37.h4 Rd1+ 38.Kh2 Rbb1  0-1

[Event "ch-FIN"]
[Site "Helsinki FIN"]
[Date "2006.06.17"]
[Round "8"]
[White "Topi Hulmi,T"]
[Black "Rehn,R"]
[Result "0-1"]
[WhiteElo "2281"]
[BlackElo "2099"]

1.d4 g6 2.e4 Bg7 3.Nc3 c5 4.Nf3 cxd4 5.Nxd4 Nc6 6.Be3 d6 7.Qd2 Nf6 8.f3 O-O
9.O-O-O a6 10.h4 h5 11.Nxc6 bxc6 12.e5 Nd5 13.Nxd5 cxd5 14.exd6 Rb8 15.Bd4 e5
16.Bc5 Be6 17.d7 Kh7 18.Bxf8 Bxf8 19.g4 Qxd7 20.Bc4 Qb7 21.Bb3 a5 22.a4 d4
23.Qd3 hxg4 24.fxg4 Bxb3 25.Qxb3 Qxb3 26.cxb3 f5 27.Kc2 Bg7 28.Rhf1 Rf8 29.h5 f4
30.Rde1 Rc8+ 31.Kd2 Rb8 32.Rf3 Kh6 33.g5+ Kxg5 34.Rg1+ Kf5 35.Rxg6 e4 36.Rxg7 exf3
37.h6 Re8 38.Rg1 Rh8 39.Rh1 Kg4 40.h7 Kg3 41.Rg1+ Kf2 42.Rg7 Kf1 43.b4 f2
44.bxa5 Rxh7 45.Rxh7 Kg2 46.a6 f1=Q 47.a7 Qa6 48.b4 Qxa4 49.b5 Qb4+ 50.Kd1 Qb3+
51.Kd2 Qb2+ 52.Kd1 Qb3+ 53.Kd2 Qc3+ 54.Kd1 Qf3+ 55.Kd2 Qc3+ 56.Kd1 Qa1+ 57.Kd2 f3
58.b6 Qc3+ 59.Kd1 d3 60.Rc7 Qb2 61.a8=Q Qe2+ 62.Kc1 d2+ 63.Kb2 d1=Q+ 64.Kc3 Qec2+
65.Kb4 Qdb1+  0-1

[Event "34th World Open"]
[Site "Philadelphia USA"]
[Date "2006.06.30"]
[Round "3"]
[White "Sadvakasov,D"]
[Black "Dougherty,M"]
[Result "1-0"]
[WhiteElo "2619"]
[BlackElo "2186"]

1.e4 g6 2.d4 Bg7 3.Nc3 c5 4.dxc5 Bxc3+ 5.bxc3 Nf6 6.e5 Ne4 7.Bc4 Nxc5 8.Nf3 Qc7
9.O-O Ne6 10.Qe2 b6 11.Nd4 Nc6 12.Nb5 Qb8 13.f4 a6 14.Nd4 Bb7 15.Be3 Qc7
16.Nb3 b5 17.Bd3 Na5 18.Nxa5 Qxa5 19.c4 bxc4 20.Bxc4 Rc8 21.Rad1 Ng7 22.Rb1 Qc7
23.Rxb7 Qxb7 24.Bxa6 Rxc2 25.Qxc2 Qxa6 26.Bc5 Qc6 27.Rc1 Ne6 28.Be3 Qxc2
29.Rxc2 O-O 30.a4 Ra8 31.Ra2 Nc7 32.a5 Nd5 33.Kf2 Ra6 34.Bd2 Kf8 35.g4 e6
36.Ra3 f5 37.gxf5 gxf5 38.Ke2 Nc7 39.Rb3 Nd5 40.Kd3 Ke7 41.Rb8 Kf7 42.Rc8 d6
43.exd6 Rxd6 44.Ke2 Ra6 45.Rb8 Kg6 46.Rb3 h5 47.Kd3 h4 48.Kd4 Kh5 49.h3 Rc6
50.Ra3 Nc7 51.Kd3 Rd6+ 52.Ke2 Ra6 53.Ra1 Nd5 54.Kf3 Nf6 55.Be3 Ne4 56.Ke2 Kg6
57.Bd4 Kf7 58.Bf2 e5 59.fxe5 Ng5 60.Bxh4 Nxh3 61.Kf3 Kg6  1-0

[Event "35th TCh-GRE"]
[Site "Ermioni GRE"]
[Date "2006.07.03"]
[Round "1"]
[White "Nikolaidi,E"]
[Black "Dimitriadi,A"]
[Result "1-0"]
[WhiteElo "1963"]
[BlackElo "2015"]

1.e4 g6 2.d4 Bg7 3.Nc3 a6 4.Be2 b5 5.a3 Bb7 6.Be3 d6 7.Bf3 Nd7 8.h4 h5 9.Nh3 c5
10.Ng5 b4 11.axb4 cxb4 12.Ne2 Ngf6 13.Qd2 a5 14.e5 Nd5 15.e6 fxe6 16.Nxe6 Qc8
17.Nxg7+ Kf7 18.Nxh5 gxh5 19.Bg5 N5f6 20.Bxb7 Qxb7 21.O-O Rhg8 22.Ng3 Qd5
23.Qf4 e5 24.dxe5 dxe5 25.Qf5 Qe6 26.Qd3 Nh7 27.Qxh7+  1-0

[Event "FSGM July"]
[Site "Budapest HUN"]
[Date "2006.07.04"]
[Round "4"]
[White "Varadi,V"]
[Black "Chernyshov,K"]
[Result "0-1"]
[WhiteElo "2384"]
[BlackElo "2544"]

1.e4 g6 2.d4 Bg7 3.Nc3 a6 4.f4 b5 5.Bd3 Bxd4 6.Nf3 Bg7 7.Be3 d6 8.Qe2 b4
9.Nd1 Bb7 10.a3 a5 11.e5 Nh6 12.e6 f5 13.h3 Qc8 14.Ng5 O-O 15.c3 c5 16.Rg1 Nc6
17.Bd2 d5 18.axb4 c4 19.Bb1 axb4 20.Rxa8 Qxa8 21.Ne3 Qa1 22.Kf2 Qxb2 23.Nxd5 Rd8  0-1

[Event "XXIX Open"]
[Site "Barbera del Valles ESP"]
[Date "2006.07.11"]
[Round "7"]
[White "Ridameya Tatche,J"]
[Black "Campo Echevarria,J"]
[Result "1/2-1/2"]
[WhiteElo "2204"]
[BlackElo "2087"]

1.e4 g6 2.d4 Bg7 3.Nc3 c5 4.Nf3 Nc6 5.Be3 Qa5 6.d5 Ne5 7.Nd2 d6 8.Be2 h5
9.h3 Nh6 10.O-O a6 11.a4 Qc7 12.a5 Nd7 13.Nf3 O-O 14.Qd2 Kh7 15.Ng5+ Kg8
16.Ne6 fxe6 17.Bxh6 e5 18.Be3 Nf6 19.Bf3 Bd7 20.Na4 Rf7 21.Nb6 Raf8 22.b4 cxb4
23.Qxb4 Nh7 24.Be2 Nf6 25.Rab1 Bxh3 26.gxh3 Qxc2 27.Qc4 Qxe4 28.Qxe4 Nxe4
29.Rbc1 Kh7 30.Rc7 Bh6 31.Nc4 Bxe3 32.fxe3 Nc3 33.Rxf7+ Rxf7 34.Bf1 Nxd5
35.Rxb7 Rf5 36.h4 e4 37.Bg2 Nc3 38.Rxe7+ Kg8 39.Bxe4 Nxe4 40.Rxe4 Rc5 41.Nxd6 Rxa5
42.Kf2 g5 43.hxg5 Rxg5 44.Ra4 a5 45.Nb7 Rf5+ 46.Kg3 Rg5+ 47.Kh4 Re5 48.e4 Kf7
49.Nxa5 Kf6 50.Nc6 Rc5 51.Nd4 Ke5 52.Nf3+ Kf4 53.Ng1 Re5 54.Nh3+ Kf3 55.Ng1+ Ke3
56.Ra3+ Kxe4 57.Nf3 Rf5 58.Ng5+ Kf4 59.Ra4+ Ke3 60.Kxh5 Rd5 61.Re4+ Kd3 62.Re6 Kd4
63.Kg6 Kc5 64.Ne4+ Kd4 65.Nf6 Re5 66.Ra6 Re1 67.Ra4+ Ke5 68.Ng4+ Kd6 69.Ra5 Rg1
70.Kg5 Ke6 71.Re5+ Kd6 72.Re8 Kd5 73.Ra8 Ke4 74.Ra4+ Kd5 75.Kf4 Rf1+ 76.Kg3 Re1
77.Kf2 Re6 78.Kf3 Rc6 79.Ne3+ Ke6 80.Ke4 Rb6 81.Nc4 Rb1 82.Ra6+ Kf7 83.Ne5+ Ke7
84.Ng6+ Kf7 85.Kf5 Rb5+ 86.Ne5+ Ke7 87.Re6+ Kd8 88.Kf6 Kc7 89.Re7+ Kd6 90.Re8 Kc5
91.Rc8+ Kd4 92.Rc4+ Ke3 93.Kf5 Rb8 94.Re4+ Kd2 95.Rg4 Ke3 96.Rg3+ Kf2 97.Ra3 Rf8+
98.Ke4 Rc8 99.Rf3+ Ke2  1/2-1/2

[Event "WIM"]
[Site "Condom FRA"]
[Date "2006.07.11"]
[Round "5"]
[White "Congiu,M"]
[Black "Sasu Ducsoara,An"]
[Result "1/2-1/2"]
[WhiteElo "2115"]
[BlackElo "2246"]

1.e4 g6 2.d4 Bg7 3.Nc3 a6 4.Be3 d6 5.Be2 Nd7 6.f4 b5 7.Bf3 Bb7 8.e5 Bxf3
9.Nxf3 e6 10.O-O d5 11.Ne2 Ne7 12.c3 Nf5 13.Bf2 h5 14.a4 Bf8 15.axb5 axb5
16.Qd3 c6 17.b3 Nb6 18.Nd2 Be7 19.g3 Kf8 20.h3 Kg7 21.Kg2 Nd7 22.Rh1 Rxa1
23.Rxa1 Qb6 24.b4 Qb7 25.Nb3 Nb6 26.Na5 Qd7 27.Nc1 Nc4 28.Ncb3  1/2-1/2